logo

Bir Sreshtho Munshi Abdur Rouf Library
Jhenaidah Cadet College

Algebra for problem solving / (Record no. 5380)

MARC details
000 -LEADER
fixed length control field 00801nam a22002771 4500
001 - CONTROL NUMBER
JCCL Control Number 5380
003 - CONTROL NUMBER IDENTIFIER
JCCL marc code BD-JhCC
005 - DATE AND TIME OF LATEST TRANSACTION
control field 20180103171510.0
008 - FIXED-LENGTH DATA ELEMENTS--GENERAL INFORMATION
fixed length control field 171213s1952 xx 001 0 eng d
035 ## - SYSTEM CONTROL NUMBER
system control number (BD-JhCC)5380
040 ## - CATALOGING SOURCE
Original cataloging agency (BD-JhCC)
Transcribing agency FMU
Modifying agency BD-JhCC
041 ## - LANGUAGE CODE
Language code of Book eng
050 00 - LIBRARY OF CONGRESS CALL NUMBER
Classification number QA157
Item number .F74
082 ## - DEWEY DECIMAL CLASSIFICATION NUMBER
Classification number 512.9
Author mark and Year FRE 1957
100 1# - MAIN ENTRY--PERSONAL NAME
Personal name Freilich, Julius.
245 10 - TITLE STATEMENT
Title Algebra for problem solving /
Statement of responsibility, etc Julius Freilich, Simon L. Berman and Elsie Parker Johnson.
260 ## - PUBLICATION, DISTRIBUTION, ETC. (IMPRINT)
Place of publication, distribution, etc Boston,
Name of publisher, distributor, etc Houghton Mifflin
Date of publication, distribution, etc [1952-53]
300 ## - PHYSICAL DESCRIPTION
Pagination 2 v.
Other physical details illus.
Dimensions 24 cm.
490 0# - SERIES STATEMENT
Series statement Riverside mathematics series.
504 ## - BIBLIOGRAPHY, ETC. NOTE
Bibliography, etc includes index
650 #0 - SUBJECT ADDED ENTRY--TOPICAL TERM
Topical term or geographic name as entry element Algebra
General subdivision Problems, exercises, etc.
700 ## - ADDED ENTRY--PERSONAL NAME
Personal name Berman, Simon L.
700 ## - ADDED ENTRY--PERSONAL NAME
Personal name Johnson, Elsie Parker
942 ## - ADDED ENTRY ELEMENTS (KOHA)
Source of classification or shelving scheme Dewey Decimal Classification
Koha item type Books
Holdings
Source of classification or shelving scheme Damaged status Not for loan Home library Current library Shelving location Date of accession Total Checkouts Full call number Barcode Date last seen Copy number Koha item type
Dewey Decimal Classification     JCC Rouf Library JCC Rouf Library General Stacks 12/13/2017   512.9 FRE 1957 7438 12/13/2017 C-1 Books
Dewey Decimal Classification     JCC Rouf Library JCC Rouf Library General Stacks 12/13/2017   512.9 FRE 1957 7477 12/13/2017 C-2 Books

JCC Library | Contacts | JCC Home

Last Update on 23 September 2017
Copyright @ 2017-2020 JCC Rouf Library
Rouf Library, Jhenidah Cadet College (JCC), Bangladesh